| 000 | 00575nam a2200145Ia 4500 | ||
|---|---|---|---|
| 008 | 140724s9999 xx 000 0 und d | ||
| 050 |
_aHD 60 _b.C352 2009 |
||
| 100 | _aCastillo, Rejoice. | ||
| 245 | 4 |
_aThe inventesment preferences of retiring public Elementary and High School Teachers of Parañaque City : _bBasis for Porfolio Customization / _cRejoice Castillo. |
|
| 260 |
_aLas Piñas, Philippines : _bSouthville International School and Colleges, _cc2009. |
||
| 300 |
_a39 p. : _bill. ; _c28 cm. |
||
| 521 | _aHuman Resource Management | ||
| 942 | _cTH | ||
| 999 |
_c228911 _d228911 |
||